000 01488nam0a22003491 4500
001 rc\4355748
005 20130416140246.0
021 _aRU
_b[61-88567]
035 _a(NLR Aleph) 008531802
090 _a8292381
_c8292381
100 _a20130416d1961 |||y0rusy50 ca
101 1 _arus
_cfre
102 _aRU
105 _ac z |||||
200 1 _aПротив войны и колониальной политики
_fСост. и авт. коммент. [и биогр. очерка] Мадлен Ребериу
_gПер. с фр. Д.Л. Каравкиной и В.Н. Курелла
_gРед. и вступ. статья [с. 5-25] проф. А.З. Манфреда
210 _aМосква
_cИзд-во иностр. лит.
_d1961
215 _a238 с., 1 л. портр.
_d21
300 _aДоп. тит. л.: Jean Jaurès. Conte la guerre et la politique coloniale. Paris, 1959
513 0 _aConte la guerre et la politique coloniale
606 _aКолониальный вопрос
_2psbo
606 _aВойна
_2psbo
606 _aМеждународные отношения
_z19-20 вв.
_2psbo
700 1 _aЖорес
_bЖ.
_f1859-1914
_gЖан
702 1 _aМанфред
_bА. З.
_4340
_4080
702 1 _aКурелла
_bВ. Н.
_4730
702 1 _aКаравкина
_bД. Л.
_4730
702 1 _aРебериу
_bМ.
_gМадлен
_4220
_4212
801 0 _aRU
_bNLR
_gpsbo
801 1 _aRU
_bELAR
_2rusmarc
852 _aNLR
_j62-3/464
942 _cBOOK
980 _aNB